| 000 | 01372nam a2200349Ia 4500 | ||
|---|---|---|---|
| 001 | ebr10359026 | ||
| 003 | CaPaEBR | ||
| 006 | m u | ||
| 007 | cr cn||||||||| | ||
| 008 | 090812s2010 maua sb 001 0 eng d | ||
| 020 | _z1596934395 | ||
| 020 | _z9781596934399 | ||
| 040 |
_aCaPaEBR _cCaPaEBR |
||
| 035 | _a(OCoLC)542050650 | ||
| 050 | 1 | 4 |
_aR857.B54 _bC45 2010eb |
| 245 | 0 | 0 |
_aCell-based biosensors _h[electronic resource] : _bprinciples and applications / _cPing Wang, Qingjun Liu, editors. |
| 246 | 3 | _aCell based biosensors | |
| 260 |
_aNorwood, MA : _bArtech House, _cc2010. |
||
| 300 |
_axvii, 271 p. : _bill. |
||
| 490 | 1 | _aArtech House series engineering in medicine & biology | |
| 504 | _aIncludes bibliographical references and index. | ||
| 533 |
_aElectronic reproduction. _bPalo Alto, Calif. : _cebrary, _d2010. _nAvailable via World Wide Web. _nAccess may be limited to ebrary affiliated libraries. |
||
| 650 | 0 | _aBiosensors. | |
| 650 | 0 | _aCellular signal transduction. | |
| 650 | 0 | _aTransducers. | |
| 655 | 7 |
_aElectronic books. _2local |
|
| 700 | 1 | _aLiu, Qingjun. | |
| 700 | 1 |
_aWang, Ping, _d1959- |
|
| 710 | 2 | _aebrary, Inc. | |
| 830 | 0 | _aArtech House engineering in medicine & biology series. | |
| 856 | 4 | 0 |
_uhttp://site.ebrary.com/lib/rucke/Doc?id=10359026 _zAn electronic book accessible through the World Wide Web; click to view |
| 999 |
_c104619 _d104619 |
||